Britisches oder Amerikanisches Englisch - Statistiken

Allgemein
  • Dieses Quiz wurde 74 mal gespielt
  • Das Durchschnittsergebnis liegt bei 11 aus 15
Antwortstatistiken
Frage Antwort % Korrekt
Biscuit
96%
Gas
90%
Soccer
90%
Trash
88%
Chips
78%
Curtains
72%
Lift
69%
Flavor
67%
Trunk
67%
Sweater
64%
Vacation
58%
Trainers
58%
Maize
57%
Cinema
52%
Eggplant
46%
Keine übereinstimmenden Quizze gefunden
Verteilung der Resultate
Anzahl Personen mit jedem Resultat
Perzentil nach korrekt beantworteten Fragen
Ihre Resultats-Entwicklung
Sie haben dieses Quiz noch nicht gespielt